Dünya'nın durumu 2017 : (Kayıt no. 10214)
[ düz görünüm ]
| 000 -BAŞLIK | |
|---|---|
| Sabit Uzunluktaki Kontrol Alanı | 00574nam a22001697a 4500 |
| 003 - KONTROL NUMARASI KİMLİĞİ | |
| Kontrol Alanı | KOHA_MİRAKIL |
| 005 - EN SON İŞLEM TARİHİ ve ZAMANI | |
| Kontrol Alanı | 20260414075527.0 |
| 008 - SABİT UZUNLUKTAKİ VERİ ÖGELERİ - GENEL BİLGİ | |
| Sabit Alan | 260414b tu ||||| |||| 00| 0 tur d |
| 020 ## - ISBN - ULUSLARARASI STANDART KİTAP NUMARASI | |
| Isbn | 9786052952856 |
| 040 ## - KATALOGLAMA KAYNAĞI | |
| Özgün Kataloglama Kurumu | TR-AnABB |
| Kataloglama Dili | tur |
| Çeviri Kurumu | TR-AnABB |
| 041 ## - DİL KODU | |
| Metin ya da ses kaydının dil kodu | tur |
| 245 10 - ESER ADI BİLDİRİMİ | |
| Başlık | Dünya'nın durumu 2017 : |
| Alt Eseradı vb. | Yeryüzü eğitimi: Değişen gezegende eğitimi yeniden düşünmek / |
| Sorumluluk Bildirimi | Çeviren: Duygu Kutluay |
| 260 ## - YAYIN, DAĞITIM, VB. | |
| Yayın Yeri | İstanbul : |
| Yayınevi | Türkiye İş Bankası Kültür Yayınları, |
| Yayın Tarihi | 2017 |
| 300 ## - FİZİKSEL TANIMLAMA | |
| Sayfa, Cilt vb. | 419 sayfa : |
| Boyutları | 20 cm |
| 700 1# - EK GİRİŞ - KİŞİ ADI | |
| İlişkili Terim | Çeviren :Duygu Kutluay |
| 9 (RLIN) | 1 |
| 942 ## - EK GİRİŞ ÖGELERİ (KOHA) | |
| Sınıflama Kaynağı | Dewey Decimal Classification |
| Materyal Türü | Kitap |
| 900 ## - YEREL BİLGİ | |
| Kontrol | Cem ÖZOGLU |
Kullanılabilir materyal yok.
